Strengthening Post-Crisis Fiscal Credibility : Fiscal Councils on the Rise /

Institutions aimed at constraining policy discretion to promote sound fiscal policies are once again at the forefront of the policy debate. Interest in 'fiscal councils,' independent watchdogs active in the public debate, has grown rapidly in recent years. This paper presents the first cro...

Ful tanımlama

Detaylı Bibliyografya
Yazar: Debrun, Xavier
Diğer Yazarlar: Kinda, Tidiane
Materyal Türü: Dergi
Dil:English
Baskı/Yayın Bilgisi: Washington, D.C. : International Monetary Fund, 2014.
Seri Bilgileri:IMF Working Papers; Working Paper ; No. 2014/058
Online Erişim:Full text available on IMF
LEADER 01957cas a2200253 a 4500
001 AALejournalIMF014332
008 230101c9999 xx r poo 0 0eng d
020 |c 5.00 USD 
020 |z 9781475516135 
022 |a 1018-5941 
040 |a BD-DhAAL  |c BD-DhAAL 
100 1 |a Debrun, Xavier. 
245 1 0 |a Strengthening Post-Crisis Fiscal Credibility :   |b Fiscal Councils on the Rise /  |c Xavier Debrun, Tidiane Kinda. 
264 1 |a Washington, D.C. :  |b International Monetary Fund,  |c 2014. 
300 |a 1 online resource (35 pages) 
490 1 |a IMF Working Papers 
500 |a <strong>Off-Campus Access:</strong> No User ID or Password Required 
500 |a <strong>On-Campus Access:</strong> No User ID or Password Required 
506 |a Electronic access restricted to authorized BRAC University faculty, staff and students 
520 3 |a Institutions aimed at constraining policy discretion to promote sound fiscal policies are once again at the forefront of the policy debate. Interest in 'fiscal councils,' independent watchdogs active in the public debate, has grown rapidly in recent years. This paper presents the first cross-country dataset summarizing key characteristics of fiscal councils among IMF members. The data documents a surge in the number of fiscal councils since the crisis. It also illustrates that well-designed fiscal councils are associated with stronger fiscal performance and better macroeconomic and budgetary forecasts. Key features of effective fiscal councils include operational independence from politics, the provision or public assessment of budgetary forecasts, a strong presence in the public debate, and the monitoring of compliance with fiscal policy rules. 
538 |a Mode of access: Internet 
700 1 |a Kinda, Tidiane. 
830 0 |a IMF Working Papers; Working Paper ;  |v No. 2014/058 
856 4 0 |z Full text available on IMF  |u http://elibrary.imf.org/view/journals/001/2014/058/001.2014.issue-058-en.xml  |z IMF e-Library